000 00397nam a2200157Ia 4500
008 230917s9999||||xx |||||||||||||| ||und||
020 _cRS200
040 _e27216
_aMAIN
041 _aEnglish
082 _a658.3 R246S
100 _aReddy, V R K
245 0 _aStrategic approach to human resource management
260 _aNew Delhi
_bWiley Eastern
_c1991
300 _axii, 102 p.
942 _cBK
999 _c97819
_d97819